[Event "Kandidatklassen"]
[Site "Hillerod"]
[Date "2010.04.04"]
[Round "6"]
[White "Molvig, Henrik"]
[Black "Jorgensen, Dennis"]
[Result "1-0"]
[WhiteElo "2195"]
[BlackElo "2197"]
[PlyCount "79"]
[EventDate "2010.03.30"]
[EventType "swiss"]
[EventRounds "7"]
[EventCountry "DEN"]
[Source "ChessBase"]
[SourceDate "2010.05.04"]

1. d4 d5 2. c4 c6 3. Nf3 Nf6 4. Nc3 a6 5. a4 e6 6. Bg5 h6 7. Bh4 Nbd7 8. e3 Bb4
9. Qb3 Qa5 10. Nd2 Ne4 11. Ndxe4 dxe4 12. Be2 O-O 13. O-O Bxc3 14. Qxc3 Qc7 15.
Bg3 Qd8 16. Qc2 f5 17. f3 exf3 18. Bxf3 Qe7 19. Qc3 g6 20. b4 e5 21. dxe5 Re8
22. Rad1 Nxe5 23. Bxe5 Qxe5 24. Qxe5 Rxe5 25. Rd8+ Kf7 26. Rfd1 Re8 27. Rxe8
Kxe8 28. Rd6 Kf7 29. Rd8 g5 30. e4 a5 31. b5 cxb5 32. cxb5 g4 33. Be2 b6 34.
exf5 h5 35. Bc4+ Ke7 36. Rh8 Kd6 37. f6 Bb7 38. Rxh5 Rc8 39. f7 Be4 40. Rg5 1-0

[Event "Kandidatklassen"]
[Site "Hillerod"]
[Date "2010.04.03"]
[Round "5"]
[White "Molvig, Henrik"]
[Black "Sylvan, Jacob"]
[Result "1/2-1/2"]
[WhiteElo "2195"]
[BlackElo "2240"]
[PlyCount "20"]
[EventDate "2010.03.30"]
[EventType "swiss"]
[EventRounds "7"]
[EventCountry "DEN"]
[Source "ChessBase"]
[SourceDate "2010.05.04"]

1. d4 d5 2. c4 e6 3. Nc3 c6 4. Nf3 Nf6 5. Bg5 Nbd7 6. e3 Qa5 7. cxd5 exd5 8.
Nd2 Be7 9. Qc2 O-O 10. Bd3 Re8 1/2-1/2

[Event "Kandidatklassen"]
[Site "Hillerod"]
[Date "2010.04.05"]
[Round "7"]
[White "Nielsen, Nicholas Roland"]
[Black "Brondt, Nicolai Kvist"]
[Result "0-1"]
[WhiteElo "2162"]
[BlackElo "2056"]
[PlyCount "24"]
[EventDate "2010.03.30"]
[EventType "swiss"]
[EventRounds "7"]
[EventCountry "DEN"]
[Source "ChessBase"]
[SourceDate "2010.05.04"]

1. e4 c6 2. d4 d5 3. e5 Bf5 4. Nf3 e6 5. c4 Ne7 6. Nbd2 Nd7 7. b3 Bg6 8. Bb2
Nf5 9. Be2 a5 10. O-O Be7 11. Ne1 h5 12. Nd3 h4 0-1

[Event "Kandidatklassen"]
[Site "Hillerod"]
[Date "2010.04.01"]
[Round "3"]
[White "Nielsen, Nicholas Roland"]
[Black "Andersen, Lars"]
[Result "0-1"]
[WhiteElo "2162"]
[BlackElo "2088"]
[PlyCount "65"]
[EventDate "2010.03.30"]
[EventType "swiss"]
[EventRounds "7"]
[EventCountry "DEN"]
[Source "ChessBase"]
[SourceDate "2010.05.04"]

1. e4 c5 2. Nf3 d6 3. d4 cxd4 4. Nxd4 Nf6 5. Nc3 a6 6. f4 e5 7. Nf3 Nbd7 8. a4
Qc7 9. Bd3 Be7 10. O-O b6 11. Qe1 Bb7 12. Nh4 g6 13. f5 O-O 14. Bh6 Rfe8 15.
Qg3 Nh5 16. Qh3 Ndf6 17. g4 Nf4 18. Bxf4 exf4 19. Nf3 Bf8 20. Rae1 Bg7 21. g5
Nh5 22. f6 Bf8 23. Rf2 Re6 24. Rfe2 Rae8 25. Kf1 Qc5 26. Qg2 Qb4 27. Qf2 Qxb2
28. Qd4 Qa3 29. Bc4 Re5 30. Nxe5 Rxe5 31. Bb3 b5 32. Qb6 Bc8 33. Qd8 0-1

[Event "Kandidatklassen"]
[Site "Hillerod"]
[Date "2010.04.03"]
[Round "5"]
[White "Nielsen, Nicholas Roland"]
[Black "Schmidt, Tom"]
[Result "1/2-1/2"]
[WhiteElo "2162"]
[BlackElo "2086"]
[PlyCount "30"]
[EventDate "2010.03.30"]
[EventType "swiss"]
[EventRounds "7"]
[EventCountry "DEN"]
[Source "ChessBase"]
[SourceDate "2010.05.04"]

1. e4 c6 2. d4 d5 3. e5 Bf5 4. Nf3 e6 5. Nbd2 Nd7 6. c4 Bg6 7. b3 Qa5 8. Bb2 f6
9. exf6 Ngxf6 10. Be2 Bd6 11. O-O O-O 12. Ne5 Bxe5 13. dxe5 Ne4 14. Nxe4 Bxe4
15. Bd3 Bxd3 1/2-1/2

[Event "Kandidatklassen"]
[Site "Hillerod"]
[Date "2010.04.04"]
[Round "6"]
[White "Ochsner, Bjorn Moller"]
[Black "Eriksson, Christian Altenburg"]
[Result "0-1"]
[WhiteElo "2178"]
[BlackElo "2158"]
[PlyCount "106"]
[EventDate "2010.03.30"]
[EventType "swiss"]
[EventRounds "7"]
[EventCountry "DEN"]
[Source "ChessBase"]
[SourceDate "2010.05.04"]

1. e4 c5 2. Nf3 Nc6 3. d4 cxd4 4. Nxd4 e5 5. Nb5 d6 6. N1c3 a6 7. Na3 b5 8. Nd5
Nf6 9. Bg5 Be7 10. Bxf6 Bxf6 11. c3 O-O 12. Nc2 Bg5 13. a4 bxa4 14. Rxa4 a5 15.
Bc4 Bd7 16. Ra2 a4 17. Bb5 Nb8 18. Bxd7 Nxd7 19. O-O Nc5 20. Qe2 Ra7 21. b4 Nb3
22. Nce3 g6 23. Rb1 Qa8 24. Nc4 Nc1 25. Rxc1 Bxc1 26. Nxd6 a3 27. c4 Bb2 28. c5
Qd8 29. g3 f5 30. exf5 gxf5 31. Qc4 Kh8 32. Ne3 f4 33. Nc2 Qf6 34. Ne4 Qf5 35.
b5 Rd7 36. Qe2 Qe6 37. Rxa3 Bxa3 38. Nxa3 Qb3 39. Nd2 Qxa3 40. Qxe5+ Rg7 41. b6
Qb4 42. Nf3 Qb5 43. Nd4 Qb1+ 44. Kg2 fxg3 45. hxg3 Qb2 46. Nf3 Qb3 47. Nd4 Qf7
48. f4 Re8 49. Qf5 Qa2+ 50. Kf3 Qh2 51. Ne6 Rxg3+ 52. Ke4 Qc2+ 53. Ke5 Re3+ 0-1

[Event "Kandidatklassen"]
[Site "Hillerod"]
[Date "2010.04.02"]
[Round "4"]
[White "Ochsner, Bjorn Moller"]
[Black "Brondt, Nicolai Kvist"]
[Result "1/2-1/2"]
[WhiteElo "2178"]
[BlackElo "2056"]
[PlyCount "57"]
[EventDate "2010.03.30"]
[EventType "swiss"]
[EventRounds "7"]
[EventCountry "DEN"]
[Source "ChessBase"]
[SourceDate "2010.05.04"]

1. e4 c6 2. d4 d5 3. Nc3 dxe4 4. Nxe4 Bf5 5. Ng3 Bg6 6. h4 h6 7. Nf3 Nd7 8. h5
Bh7 9. Bd3 Bxd3 10. Qxd3 e6 11. Bf4 Qa5+ 12. Bd2 Bb4 13. c3 Be7 14. c4 Qc7 15.
O-O-O Ngf6 16. Ne4 O-O 17. Rde1 Rad8 18. Nxf6+ Nxf6 19. g4 Nxg4 20. Rhg1 f5 21.
Rxe6 Qd7 22. Rxh6 gxh6 23. Rxg4+ fxg4 24. Qg6+ Kh8 25. Qxh6+ Kg8 26. Qg6+ Kh8
27. Qh6+ Kg8 28. Qg6+ Kh8 29. Qh6+ 1/2-1/2

[Event "Kandidatklassen"]
[Site "Hillerod"]
[Date "2010.03.30"]
[Round "1"]
[White "Ochsner, Bjorn Moller"]
[Black "Jorgensen, Kasper Moller"]
[Result "1-0"]
[WhiteElo "2178"]
[BlackElo "2003"]
[PlyCount "75"]
[EventDate "2010.03.30"]
[EventType "swiss"]
[EventRounds "7"]
[EventCountry "DEN"]
[Source "ChessBase"]
[SourceDate "2010.05.04"]

1. e4 c5 2. Nf3 Nc6 3. d4 cxd4 4. Nxd4 Nf6 5. Nc3 d6 6. Bg5 e6 7. Qd2 Be7 8.
O-O-O O-O 9. Kb1 h6 10. Nxc6 bxc6 11. Bf4 d5 12. f3 Bb4 13. a3 Ba5 14. Qd3 Qe7
15. exd5 cxd5 16. Bd2 Bc7 17. Nb5 Ba6 18. Bb4 Bxb5 19. Bxe7 Bxd3 20. Bxd3 Rfe8
21. Bc5 Nd7 22. Bd4 Red8 23. Bb5 a6 24. Bc6 Rac8 25. Bb7 Rb8 26. Bxa6 Bd6 27.
a4 Nc5 28. Bb5 Ra8 29. b3 Rdb8 30. Bb2 Kf8 31. g3 Rc8 32. Rhe1 Nb7 33. Re2 Nc5
34. Re3 Be7 35. Be5 f6 36. Bb2 Rc7 37. Ba3 Rb8 38. Bxc5 1-0

[Event "Kandidatklassen"]
[Site "Hillerod"]
[Date "2010.04.04"]
[Round "6"]
[White "Olsen, Peter Erik"]
[Black "Brondt, Nicolai Kvist"]
[Result "1/2-1/2"]
[WhiteElo "2246"]
[BlackElo "2056"]
[PlyCount "111"]
[EventDate "2010.03.30"]
[EventType "swiss"]
[EventRounds "7"]
[EventCountry "DEN"]
[Source "ChessBase"]
[SourceDate "2010.05.04"]

1. Nf3 d5 2. g3 c6 3. Bg2 g6 4. O-O Bg7 5. d3 Nf6 6. Nbd2 Nbd7 7. e4 e5 8. exd5
Nxd5 9. Nc4 O-O 10. Re1 Qc7 11. a4 a5 12. c3 Re8 13. d4 e4 14. Ng5 N7f6 15.
Nxe4 Bf5 16. Nxf6+ Bxf6 17. Rxe8+ Rxe8 18. Ne3 Qe7 19. Bd2 Be4 20. Nxd5 cxd5
21. Qe2 Qd7 22. Qb5 Qxb5 23. axb5 Bxg2 24. Kxg2 Bd8 25. b3 Bb6 26. Re1 Re6 27.
Rxe6 fxe6 28. Bf4 Kf7 29. Be5 a4 30. bxa4 Ba5 31. Kf3 Bxc3 32. Ke3 Ba5 33. Kd3
Bd8 34. Bf4 Ke8 35. Bd2 b6 36. Bf4 Kd7 37. Bh6 Be7 38. h4 Kc8 39. Bg5 Bd6 40.
g4 h5 41. f3 Kd7 42. Ke3 Ba3 43. Kf2 Bb4 44. Be3 Bc3 45. Kg3 Be1+ 46. Bf2 Bd2
47. Kg2 Bb4 48. Kf1 Bd6 49. Ke2 Bf4 50. Be1 Bc7 51. Ke3 Kc8 52. Kd3 Kd7 53. Bd2
Bd8 54. Be1 Bc7 55. Bd2 Bd8 56. Be1 1/2-1/2

[Event "Kandidatklassen"]
[Site "Hillerod"]
[Date "2010.04.03"]
[Round "5"]
[White "Olsen, Peter Erik"]
[Black "Pedersen, Christopher RNH"]
[Result "1-0"]
[WhiteElo "2246"]
[BlackElo "2098"]
[PlyCount "59"]
[EventDate "2010.03.30"]
[EventType "swiss"]
[EventRounds "7"]
[EventCountry "DEN"]
[Source "ChessBase"]
[SourceDate "2010.05.04"]

1. d4 d5 2. c4 e6 3. Nc3 c6 4. cxd5 exd5 5. Qc2 Nf6 6. Bg5 Be7 7. e3 O-O 8. Bd3
Nbd7 9. Nf3 Re8 10. O-O h6 11. Bf4 b6 12. Nb5 Bb7 13. Nc7 Bf8 14. Nxe8 Qxe8 15.
Ne5 Nxe5 16. Bxe5 Nd7 17. Bg3 c5 18. dxc5 Nxc5 19. Rfd1 g6 20. Rac1 a5 21. b3
Qe6 22. Be2 Bg7 23. Bf3 g5 24. h3 f5 25. Qd2 Rd8 26. b4 axb4 27. Qxb4 Bf8 28.
Bc7 Na6 29. Qxb6 Nxc7 30. Qxb7 1-0

[Event "Kandidatklassen"]
[Site "Hillerod"]
[Date "2010.03.30"]
[Round "1"]
[White "Olsen, Peter Erik"]
[Black "Nielsen, Nicholas Roland"]
[Result "0-1"]
[WhiteElo "2246"]
[BlackElo "2162"]
[PlyCount "114"]
[EventDate "2010.03.30"]
[EventType "swiss"]
[EventRounds "7"]
[EventCountry "DEN"]
[Source "ChessBase"]
[SourceDate "2010.05.04"]

1. d4 Nf6 2. c4 e6 3. Nc3 d5 4. cxd5 exd5 5. Bg5 Be7 6. Qc2 h6 7. Bh4 c6 8. e3
O-O 9. Bd3 Re8 10. Nge2 Ne4 11. Bxe7 Qxe7 12. O-O Nd7 13. Rae1 Ndf6 14. f3 Nxc3
15. Nxc3 Qd6 16. Qf2 Be6 17. Rd1 Qd7 18. Rfe1 Rad8 19. Bc2 Bf5 20. e4 dxe4 21.
fxe4 Bh7 22. e5 Bxc2 23. Qxc2 Nd5 24. Ne4 b6 25. Nd6 Re6 26. Rf1 Ne3 27. Qf2
Nxd1 28. Rxd1 Rxd6 29. exd6 Qxd6 30. Qc2 Qd5 31. Qa4 Rd7 32. b4 Qc4 33. h3 Rxd4
34. Rxd4 Qxd4+ 35. Kh1 Qd7 36. a3 g6 37. Qc2 h5 38. Qc3 Qd1+ 39. Kh2 Qd6+ 40.
Kh1 c5 41. bxc5 bxc5 42. Qa5 a6 43. Qa4 Qe6 44. Qa5 c4 45. Qd8+ Kh7 46. Qc7 Kg7
47. Qc5 Qe1+ 48. Kh2 Qe4 49. a4 Qf4+ 50. Kh1 g5 51. a5 g4 52. hxg4 hxg4 53. g3
Qf1+ 54. Kh2 Qh3+ 55. Kg1 Qxg3+ 56. Kh1 Qf4 57. Qf2 Qf3+ 0-1

[Event "Kandidatklassen"]
[Site "Hillerod"]
[Date "2010.04.05"]
[Round "7"]
[White "Ostergaard, Jens"]
[Black "Andersen, Lars"]
[Result "1-0"]
[WhiteElo "2257"]
[BlackElo "2088"]
[PlyCount "61"]
[EventDate "2010.03.30"]
[EventType "swiss"]
[EventRounds "7"]
[EventCountry "DEN"]
[Source "ChessBase"]
[SourceDate "2010.05.04"]

1. d4 d5 2. Nf3 c6 3. c4 Nf6 4. Nc3 a6 5. e3 Bf5 6. Qb3 Ra7 7. cxd5 cxd5 8. Ne5
Bc8 9. Qa4+ Bd7 10. Nxd7 Nbxd7 11. Bd2 e6 12. Rc1 Ra8 13. Bd3 Be7 14. O-O O-O
15. Ne2 Bd6 16. h3 Qe7 17. Rc2 Rfc8 18. Rfc1 Rxc2 19. Rxc2 g6 20. b4 e5 21.
dxe5 Nxe5 22. Nc1 Nxd3 23. Nxd3 Qe4 24. Qb3 Qe6 25. Bc1 Ne4 26. Bb2 Bf8 27. Nf4
Qb6 28. Nxd5 Qe6 29. f3 Nd6 30. Qc3 f6 31. Nc7 1-0

[Event "Kandidatklassen"]
[Site "Hillerod"]
[Date "2010.04.01"]
[Round "3"]
[White "Ostergaard, Jens"]
[Black "Andersen, Ib Hother"]
[Result "1-0"]
[WhiteElo "2257"]
[BlackElo "2157"]
[PlyCount "79"]
[EventDate "2010.03.30"]
[EventType "swiss"]
[EventRounds "7"]
[EventCountry "DEN"]
[Source "ChessBase"]
[SourceDate "2010.05.04"]

1. d4 Nf6 2. Nf3 e6 3. c4 b6 4. g3 Bb7 5. Bg2 Be7 6. O-O O-O 7. Nc3 Ne4 8. Bd2
Bf6 9. Rc1 c5 10. d5 exd5 11. cxd5 Nxd2 12. Qxd2 d6 13. e4 Nd7 14. Rfe1 a6 15.
a4 Re8 16. b3 Ne5 17. Nxe5 Bxe5 18. Kh1 b5 19. Bf1 b4 20. Ne2 g6 21. Bg2 Bc8
22. Red1 Ra7 23. h3 f5 24. f4 Bg7 25. e5 dxe5 26. Rxc5 exf4 27. Nxf4 Bc3 28.
Qd3 Rae7 29. d6 Re1+ 30. Rxe1 Rxe1+ 31. Kh2 Bd7 32. Bd5+ Kf8 33. Rc7 Qe8 34.
Ra7 Kg7 35. Bc6 Kh6 36. Rxd7 Qe5 37. Re7 Qc5 38. Rxe1 Qf2+ 39. Ng2 f4 40. gxf4
1-0

[Event "Kandidatklassen"]
[Site "Hillerod"]
[Date "2010.03.31"]
[Round "2"]
[White "Ostergaard, Jens"]
[Black "Eriksson, Christian Altenburg"]
[Result "1-0"]
[WhiteElo "2257"]
[BlackElo "2158"]
[PlyCount "53"]
[EventDate "2010.03.30"]
[EventType "swiss"]
[EventRounds "7"]
[EventCountry "DEN"]
[Source "ChessBase"]
[SourceDate "2010.05.04"]

1. d4 d5 2. Nf3 Nf6 3. c4 c6 4. Nc3 e6 5. e3 Nbd7 6. Bd3 dxc4 7. Bxc4 b5 8. Bd3
Bb7 9. O-O a6 10. e4 c5 11. d5 c4 12. dxe6 fxe6 13. Bc2 Qc7 14. Qe2 Bd6 15. Ng5
Nc5 16. f4 e5 17. a4 h6 18. Nf3 b4 19. fxe5 bxc3 20. exd6 Qb6 21. Be3 cxb2 22.
Rab1 c3 23. Ne5 Qxd6 24. Ng6 Rg8 25. e5 Qc6 26. exf6 gxf6 27. Bxc5+ 1-0

[Event "Kandidatklassen"]
[Site "Hillerod"]
[Date "2010.04.04"]
[Round "6"]
[White "Ostergaard, Jens"]
[Black "Strange, Mikkel"]
[Result "1/2-1/2"]
[WhiteElo "2257"]
[BlackElo "2269"]
[PlyCount "107"]
[EventDate "2010.03.30"]
[EventType "swiss"]
[EventRounds "7"]
[EventCountry "DEN"]
[Source "ChessBase"]
[SourceDate "2010.05.04"]

1. d4 e6 2. c4 f5 3. Nf3 Nf6 4. g3 d6 5. Bg2 Be7 6. O-O O-O 7. Nc3 Qe8 8. Re1
Qg6 9. e4 fxe4 10. Nxe4 Nxe4 11. Rxe4 Nc6 12. Qe2 Bf6 13. Bf4 d5 14. cxd5 exd5
15. Re3 Bg4 16. Qd2 Bxf3 17. Bxf3 Bxd4 18. Bxd5+ Kh8 19. Re4 Bb6 20. Bxc6 Qxc6
21. Rae1 Rae8 22. Rxe8 Rxe8 23. Rc1 Qe6 24. Bxc7 Bxc7 25. Rxc7 Qxa2 26. Qd4
Qb1+ 27. Kg2 Qg6 28. Qd5 Rf8 29. Rxb7 Qf6 30. f4 h6 31. b4 Rd8 32. Qe4 Qa1 33.
Rd7 Qb2+ 34. Kh3 Rxd7 35. Qe8+ Kh7 36. Qxd7 Qxb4 37. Qxa7 Qe4 38. Qf7 Qd3 39.
f5 Qf1+ 40. Kh4 Qf2 41. h3 Qd4+ 42. Kh5 Qd1+ 43. g4 Qf3 44. Qg6+ Kh8 45. h4 Kg8
46. Qe8+ Kh7 47. Qe6 Qd3 48. Qc6 Qd4 49. Qc2 Qd5 50. Qc7 Qe4 51. Qf7 Qf3 52.
Qg6+ Kg8 53. Qe6+ Kh7 54. Qg6+ 1/2-1/2

[Event "Kandidatklassen"]
[Site "Hillerod"]
[Date "2010.04.01"]
[Round "3"]
[White "Pedersen, Christopher RNH"]
[Black "Molvig, Henrik"]
[Result "0-1"]
[WhiteElo "2098"]
[BlackElo "2195"]
[PlyCount "86"]
[EventDate "2010.03.30"]
[EventType "swiss"]
[EventRounds "7"]
[EventCountry "DEN"]
[Source "ChessBase"]
[SourceDate "2010.05.04"]

1. e4 c5 2. Nf3 d6 3. d4 cxd4 4. Nxd4 Nf6 5. Nc3 a6 6. Be3 e5 7. Nb3 Be6 8. f3
Nbd7 9. Qd2 Be7 10. O-O-O O-O 11. g4 b5 12. g5 b4 13. Na4 Nh5 14. h4 a5 15. Kb1
Qc7 16. Nc1 Qc6 17. b3 Rfd8 18. Qf2 d5 19. exd5 Bxd5 20. Rxd5 Qxd5 21. Bc4 Qc6
22. Nd3 Rf8 23. Qg2 Rad8 24. Re1 Bd6 25. g6 hxg6 26. Qxg6 Qxc4 27. Qxh5 Qe6 28.
Rg1 Rfe8 29. Qg5 Bf8 30. h5 Rc8 31. h6 g6 32. f4 exf4 33. h7+ Kxh7 34. Rh1+ Kg8
35. Bd4 Bg7 36. Bxg7 Kxg7 37. Nxf4 Qf5 38. Nh5+ Kg8 39. Qh6 Qe5 40. Nb2 Qc3 41.
Qc1 Re2 42. Nc4 Rce8 43. Nb2 Re1 0-1

[Event "Kandidatklassen"]
[Site "Hillerod"]
[Date "2010.04.05"]
[Round "7"]
[White "Pedersen, Christopher RNH"]
[Black "Poulsen, Klaus E"]
[Result "1-0"]
[WhiteElo "2098"]
[BlackElo "2095"]
[PlyCount "61"]
[EventDate "2010.03.30"]
[EventType "swiss"]
[EventRounds "7"]
[EventCountry "DEN"]
[Source "ChessBase"]
[SourceDate "2010.05.04"]

1. e4 c5 2. Nf3 Nc6 3. d4 cxd4 4. Nxd4 Nf6 5. Nc3 e5 6. Ndb5 d6 7. Nd5 Nxd5 8.
exd5 Nb8 9. Qf3 Be7 10. c4 O-O 11. Be2 f5 12. O-O a6 13. Qa3 Nd7 14. Bd2 Nb6
15. Nc3 Qe8 16. b4 Nd7 17. Rac1 Qg6 18. f4 exf4 19. Bxf4 Bg5 20. c5 Bxf4 21.
Rxf4 Qf6 22. Nb5 axb5 23. Qxa8 Qe5 24. Rf2 Qe3 25. Rcf1 Ne5 26. Kh1 dxc5 27.
Qa7 Nd7 28. Bxb5 Nf6 29. Qxc5 Qh6 30. Qc4 Ng4 31. Qxg4 1-0

[Event "Kandidatklassen"]
[Site "Hillerod"]
[Date "2010.04.02"]
[Round "4"]
[White "Pedersen, Christopher RNH"]
[Black "Furrer, Christian"]
[Result "1-0"]
[WhiteElo "2098"]
[BlackElo "2010"]
[PlyCount "51"]
[EventDate "2010.03.30"]
[EventType "swiss"]
[EventRounds "7"]
[EventCountry "DEN"]
[Source "ChessBase"]
[SourceDate "2010.05.04"]

1. e4 e6 2. d4 d5 3. Nc3 Bb4 4. e5 c5 5. Bd2 cxd4 6. Nb5 Bc5 7. Qg4 Ne7 8. b4
a6 9. bxc5 axb5 10. Qxg7 Rg8 11. Qxh7 Qc7 12. Nf3 Nd7 13. Bxb5 Qxc5 14. Rb1
Rxa2 15. O-O Qxc2 16. Bd3 Qc7 17. Rfc1 Qb8 18. Bb5 Rxd2 19. Nxd2 Kd8 20. f4 Qa7
21. Ra1 Qb6 22. Ra8 d3+ 23. Kf1 Qxb5 24. Qxg8+ Nxg8 25. Rcxc8+ Ke7 26. Re8# 1-0

[Event "Kandidatklassen"]
[Site "Hillerod"]
[Date "2010.04.03"]
[Round "5"]
[White "Brondt, Nicolai Kvist"]
[Black "Andersen, Morten"]
[Result "1/2-1/2"]
[WhiteElo "2056"]
[BlackElo "2200"]
[PlyCount "126"]
[EventDate "2010.03.30"]
[EventType "swiss"]
[EventRounds "7"]
[EventCountry "DEN"]
[Source "ChessBase"]
[SourceDate "2010.05.04"]

1. Nf3 Nf6 2. c4 e6 3. g3 d5 4. d4 dxc4 5. Bg2 Bb4+ 6. Bd2 a5 7. Qc2 Nbd7 8.
Qxc4 Nb6 9. Qc2 O-O 10. O-O Nbd5 11. Rc1 c6 12. a3 Be7 13. e4 Nc7 14. Nc3 b5
15. e5 Nd7 16. Ne4 Bb7 17. b4 axb4 18. Bxb4 Nd5 19. Bxe7 Qxe7 20. Nd6 N7b6 21.
Ne1 Ra4 22. Nd3 Rxd4 23. Nc5 Bc8 24. Qb2 Rg4 25. f3 Na4 26. Nxa4 Rxa4 27. Rxc6
Qa7+ 28. Kh1 Bd7 29. Rc2 Ne3 30. Rc3 Qd4 31. Rb3 Qxb2 32. Rxb2 Nxg2 33. Kxg2
Rb8 34. Rb4 Kf8 35. Rd1 Rxa3 36. Nxf7 Bc6 37. Ng5 Ke7 38. Rd6 Bd5 39. Rf4 Rf8
40. Rxf8 Kxf8 41. Nxe6+ Bxe6 42. Rxe6 Ra2+ 43. Kh3 h5 44. Rb6 Rb2 45. Rb7 b4
46. g4 hxg4+ 47. Kxg4 Rxh2 48. Rxb4 Kf7 49. Rb6 Rf2 50. Kf4 Rf1 51. Ke4 g5 52.
Ra6 Rf2 53. Ra3 Ke6 54. Ra6+ Kf7 55. Rh6 Rf1 56. Rh3 Ke6 57. Rh6+ Kf7 58. Rh5
Kg6 59. Rh3 Re1+ 60. Kd4 Kf5 61. Rg3 Rd1+ 62. Ke3 Re1+ 63. Kd4 Rd1+ 1/2-1/2

[Event "Kandidatklassen"]
[Site "Hillerod"]
[Date "2010.04.01"]
[Round "3"]
[White "Brondt, Nicolai Kvist"]
[Black "Jorgensen, Dennis"]
[Result "0-1"]
[WhiteElo "2056"]
[BlackElo "2197"]
[PlyCount "116"]
[EventDate "2010.03.30"]
[EventType "swiss"]
[EventRounds "7"]
[EventCountry "DEN"]
[Source "ChessBase"]
[SourceDate "2010.05.04"]

1. Nf3 Nf6 2. c4 c6 3. d4 d5 4. Nc3 a6 5. Ne5 g6 6. g3 Bg7 7. Bg2 O-O 8. O-O
Be6 9. c5 Nbd7 10. Bf4 Nh5 11. Qd3 Bf5 12. Qd2 Nxf4 13. gxf4 Bh6 14. f3 Qc7 15.
Rad1 f6 16. Nxd7 Bxf4 17. e3 Bxh2+ 18. Kh1 Bxd7 19. f4 Bg3 20. Bf3 f5 21. Rg1
Bh4 22. Qh2 Bf6 23. Rg3 Rf7 24. Rdg1 Rg7 25. Na4 Be8 26. Nb6 Rd8 27. b4 e6 28.
a4 Qe7 29. Qg2 h6 30. Qh2 g5 31. Rh3 gxf4 32. Rxg7+ Bxg7 33. Qxf4 Kh7 34. Rg3
Bg6 35. Be2 e5 36. Qf2 f4 37. exf4 exf4 38. Rxg6 Kxg6 39. Bd3+ Kf7 40. Qxf4+
Qf6 41. Qc7+ Kg8 42. b5 axb5 43. axb5 Qh4+ 44. Kg2 Qg4+ 45. Kh2 Rf8 46. Qg3
Qxg3+ 47. Kxg3 Bxd4 48. bxc6 bxc6 49. Kg4 Kg7 50. Bf5 h5+ 51. Kf4 Bxc5 52. Nd7
Bd6+ 53. Kg5 Rf7 54. Be6 Re7 55. Bh3 Re3 56. Bf5 d4 57. Nb6 Rc3 58. Nc8 Bc5 0-1

[Event "Kandidatklassen"]
[Site "Hillerod"]
[Date "2010.03.31"]
[Round "2"]
[White "Brondt, Nicolai Kvist"]
[Black "Schultz Pedersen, Jesper"]
[Result "1/2-1/2"]
[WhiteElo "2056"]
[BlackElo "2230"]
[PlyCount "143"]
[EventDate "2010.03.30"]
[EventType "swiss"]
[EventRounds "7"]
[EventCountry "DEN"]
[Source "ChessBase"]
[SourceDate "2010.05.04"]

1. d4 Nc6 2. Nf3 e6 3. g3 d5 4. Bg2 Nf6 5. O-O Be7 6. c4 dxc4 7. Qa4 O-O 8.
Qxc4 Bd7 9. b3 Rb8 10. Ba3 Bxa3 11. Nxa3 Qe7 12. Qc5 Qxc5 13. dxc5 Rfd8 14.
Rfd1 Nd5 15. Nc4 Be8 16. Nfe5 Nxe5 17. Nxe5 f6 18. Bxd5 exd5 19. Nf3 Bh5 20.
Nd4 Re8 21. Rd2 Bg6 22. e3 c6 23. Rc1 Kf7 24. Ne2 Be4 25. Rd4 g5 26. b4 a6 27.
Nc3 h5 28. a4 Re7 29. a5 Bf3 30. Nb1 Re4 31. Nd2 Rxd4 32. exd4 Bg4 33. Re1 Rh8
34. f3 Bd7 35. h4 gxh4 36. gxh4 Rg8+ 37. Kf2 Bh3 38. Rg1 Rxg1 39. Kxg1 Bf5 40.
Kf2 Kg6 41. Ke3 Bh3 42. Kf4 Bf5 43. Nf1 Bd3 44. Ng3 Bc2 45. Ke3 Bf5 46. Ne2 Bd7
47. Kf4 Kf7 48. Kg3 Kg6 49. Nc3 Kf5 50. Na4 Kg6 51. Kf4 Bh3 52. Nb6 Be6 53. Na8
Kf7 54. Ke3 Kg6 55. Nc7 Bd7 56. Na8 Bc8 57. Nb6 Be6 58. Na4 Bc8 59. Nb2 Bf5 60.
Ke2 Bd7 61. Nd3 Kf5 62. Kf2 Be8 63. Kg3 Bg6 64. Nf4 Be8 65. Ng2 Bd7 66. Ne3+
Kg6 67. Kf4 Be6 68. Nf1 Bh3 69. Ng3 Bd7 70. Ke3 Bf5 71. f4 Bb1 72. Kd2 1/2-1/2

[Event "Kandidatklassen"]
[Site "Hillerod"]
[Date "2010.03.31"]
[Round "2"]
[White "Petersen, Steen"]
[Black "Ochsner, Bjorn Moller"]
[Result "1-0"]
[WhiteElo "2154"]
[BlackElo "2178"]
[PlyCount "115"]
[EventDate "2010.03.30"]
[EventType "swiss"]
[EventRounds "7"]
[EventCountry "DEN"]
[Source "ChessBase"]
[SourceDate "2010.05.04"]

1. e4 c5 2. Nf3 d6 3. d4 cxd4 4. Nxd4 Nf6 5. Nc3 a6 6. Bg5 e6 7. f4 Qb6 8. Qd2
Qxb2 9. Rb1 Qa3 10. Bxf6 gxf6 11. f5 Nc6 12. fxe6 fxe6 13. Nxc6 bxc6 14. Be2 h5
15. O-O Be7 16. Kh1 h4 17. h3 Qa5 18. Bd3 Rg8 19. Rf4 Qg5 20. Qf2 e5 21. Rxh4
d5 22. Rh7 d4 23. Be2 Kd8 24. Bc4 Rf8 25. Na4 f5 26. Qe1 a5 27. Nb6 Ra7 28.
Nxc8 Kxc8 29. Be6+ Kc7 30. exf5 Kd6 31. Qe4 Qe3 32. Qxe3 dxe3 33. a4 Kc5 34.
Rb3 Kd4 35. Rd3+ Ke4 36. Rg7 Rxf5 37. Bxf5+ Kxf5 38. Rxe3 Rb7 39. Rf3+ Ke4 40.
Rg4+ Kd5 41. Rd3+ Kc5 42. Kg1 Rb2 43. Re4 Rxc2 44. Rxe5+ Kc4 45. Rd1 Bb4 46. h4
Kb3 47. h5 Rc4 48. h6 Kc2 49. Rd7 Rh4 50. h7 c5 51. g3 Rh6 52. g4 Rh4 53. g5 c4
54. g6 Bc3 55. g7 Rg4+ 56. Kf2 Rxg7 57. Rxg7 Bd4+ 58. Ke2 1-0

[Event "Kandidatklassen"]
[Site "Hillerod"]
[Date "2010.03.30"]
[Round "1"]
[White "Petersen, Steen"]
[Black "Henriksen, Palle V"]
[Result "1-0"]
[WhiteElo "2154"]
[BlackElo "2236"]
[PlyCount "63"]
[EventDate "2010.03.30"]
[EventType "swiss"]
[EventRounds "7"]
[EventCountry "DEN"]
[Source "ChessBase"]
[SourceDate "2010.05.04"]

1. e4 e6 2. d3 d5 3. Nd2 Nf6 4. Ngf3 Nc6 5. e5 Nd7 6. d4 f6 7. exf6 Qxf6 8. c3
Bd6 9. Bb5 O-O 10. Qb3 a6 11. Bxc6 bxc6 12. c4 Rb8 13. Qc2 c5 14. dxc5 Nxc5 15.
O-O Bb7 16. b4 Ne4 17. c5 Bf4 18. Nxe4 dxe4 19. Bxf4 exf3 20. Bxc7 Qg5 21. Bg3
Bd5 22. a3 h5 23. h4 Qg4 24. Rad1 Rf5 25. Rxd5 Rxd5 26. gxf3 Qd4 27. Re1 Rf8
28. Rxe6 Rxf3 29. Qg6 Rdf5 30. Re8+ Rf8 31. Rxf8+ Kxf8 32. Bd6+ 1-0

[Event "Kandidatklassen"]
[Site "Hillerod"]
[Date "2010.04.03"]
[Round "5"]
[White "Petersen, Steen"]
[Black "Schultz Pedersen, Jesper"]
[Result "1/2-1/2"]
[WhiteElo "2154"]
[BlackElo "2230"]
[PlyCount "31"]
[EventDate "2010.03.30"]
[EventType "swiss"]
[EventRounds "7"]
[EventCountry "DEN"]
[Source "ChessBase"]
[SourceDate "2010.05.04"]

1. e4 Nc6 2. Nf3 e6 3. d4 d5 4. Nc3 Nf6 5. e5 Ne4 6. Ne2 f6 7. exf6 Qxf6 8. Ng3
Nxg3 9. hxg3 g6 10. Bf4 Bd6 11. Qd2 Bd7 12. O-O-O Bxf4 13. gxf4 O-O-O 14. g3 h6
15. Be2 Rdf8 16. Rh2 1/2-1/2